| 000 | 00805nam a22002657a 4500 | ||
|---|---|---|---|
| 001 | 004390 | ||
| 003 | CoMeUDC004390 | ||
| 005 | 20250219233142.0 | ||
| 008 | 130821s2007 ck gr spa | ||
| 020 | _a9589380901 | ||
| 040 |
_aCo-BoUCM _bspa _cCoMeUDC |
||
| 041 | 0 | 0 | _aspa |
| 082 | 0 | 4 |
_a347.05 _220 _bE74p |
| 100 | 1 | _aEscobar Vélez, Edgar Guillermo | |
| 245 | 1 | 0 |
_aProcesos cognoscitivos civiles / _cEdgar Guillermo Escobar Vélez. |
| 250 | _a2a. Ed. | ||
| 260 |
_aBogotá (Colombia) : _bLibrería Jurídica Sanchez, _c2007. |
||
| 300 | _a496 páginas ; | ||
| 504 | _aIncluye bibliografía | ||
| 650 | 0 | 4 | _aAcción y defensa (Derecho) |
| 650 | 0 | 4 |
_aDerecho procesal _912822 |
| 650 | 0 | 4 |
_aProcedimiento civil _97969 |
| 650 | 0 | 4 |
_aProceso civil _922376 |
| 942 |
_cBK _a8 _e2 _mE746p _2ddc _h347.05 |
||
| 999 |
_c1220 _d1220 |
||